000 00520nam a2200193Ia 4500
005 20250326124103.0
008 250326s9999 xx 000 0 und d
037 _aTextbook
040 _aFMSL
_beng
_cFMSL
041 _aeng
_2eng
084 _aX:5.1 L2
_qFMSL
100 _aVernon R
_9112379
245 0 _aManager in the international economy
_cVernon R
250 _a2
260 _aNew Delhi
_bNew Delhi, Prentice-Hall
_c1972
300 _a460p
942 _cTB
_hX:5.1 L2
999 _c1272221
_d1272221